000 00244nam a2200109Ia 4500
008 220525s9999 xx 000 0 und d
020 _a1583142444"
082 _aEF SAVO
100 _aD SAVOY
_9132917
245 0 _aMIDNIGHT MAGIC
942 _cBK
_w561
_xJohn Tresidder
_y561
_zJohn Tresidder
999 _c633998
_d633998